| 000 | 00000nam##2200000za#4500 |
| 001 | 9.667751 |
| 003 | CaOODSP |
| 005 | 20220901140036 |
| 007 | ta |
| 008 | 150407|2001||||xxc||||| f|0| 0 eng|d |
| 040 | |aCaOODSP|beng |
| 041 | |aeng |
| 041 | |afre |
| 043 | |an-cn--- |
| 086 | 1 |aJ2-206/2001 |
| 110 | 1 |aCanada.|bJustice Canada. |
| 245 | 10|aVictims matter / |cIssued by the Policy Centre for Victim Issues. |
| 260 | |aOttawa - Ontario : |bJustice Canada |c[2001?]. |
| 300 | |aEnglish text, 1 folded sheet, [3]p. ; |c22 cm. |
| 563 | |aPamphlet |
| 690 | 07|aCriminal justice|2gcpds |
| 690 | 07|aVictims|2gcpds |
| 776 | 0#|tQuestions ayant trait aux victimes |w(CaOODSP)9.633033 |
| 776 | 0#|tVictims matter |w(CaOODSP)9.688611 |
| 792 | |tQuestions ayant trait aux victimes / |efre|w(CaOODSP)9.667752 |